Principles of Electronic Instrumentation (Record no. 636)

MARC details
000 -LEADER
fixed length control field 00318nam a2200133Ia 4500
008 - FIXED-LENGTH DATA ELEMENTS--GENERAL INFORMATION
fixed length control field 191201s1981 xx 000 0 und d
082 ## - DEWEY DECIMAL CLASSIFICATION NUMBER
Classification number 621
Item number DEP
100 ## - MAIN ENTRY--PERSONAL NAME
Personal name DESA,Arnold
245 #0 - TITLE STATEMENT
Title Principles of Electronic Instrumentation
260 ## - PUBLICATION, DISTRIBUTION, ETC. (IMPRINT)
Name of publisher, distributor, etc Adward arnold
Date of publication, distribution, etc 1981
300 ## - PHYSICAL DESCRIPTION
Extent 280
650 ## - SUBJECT ADDED ENTRY--TOPICAL TERM
Topical term or geographic name as entry element Applied
942 ## - ADDED ENTRY ELEMENTS (KOHA)
Source of classification or shelving scheme Dewey Decimal Classification
Koha item type Text Books
Holdings
Withdrawn status Lost status Source of classification or shelving scheme Damaged status Not for loan Collection code Home library Current library Date acquired Source of acquisition Bill Number Total Checkouts Full call number Acc. no. / Barcode Date last seen Bill Date Koha item type Public note
    Dewey Decimal Classification     Applied Sc. PIET C-LIBRARY PIET C-LIBRARY 05/10/2010 Donated by N.D.SHARMA Donated by N.D.SHARMA   621 DEP 16586 04/12/2019 27/09/2010 Text Books Donated By N.d.sharma

Design & Developed by: PIET Central Library
R70 Miles Stone Pattikalyana Samalkha Panipat 132102
mail ID :- [email protected], Phone No:- 0180-2569700 Ex.216